La enseñanza de la lengua extranjera como parte de la extensión universitaria de la Universidad Pedagógica Nacional (Record no. 67843)

MARC details
000 -CABECERA
campo de control de longitud fija 00637nam a2200193 a 4500
005 - FECHA Y HORA DE LA ÚLTIMA TRANSACCIÓN
campo de control 20210219153056.0
008 - ELEMENTOS DE LONGITUD FIJA--INFORMACIÓN GENERAL
campo de control de longitud fija 991125n 000 0 spa u
035 ## - NÚMERO DE CONTROL DEL SISTEMA
Número de control de sistema UPN01000076534
100 ## - ASIENTO PRINCIPAL--NOMBRE PERSONAL
Nombre de persona VELASCO ROMERO, Oscar F.
222 ## - TÍTULO CLAVE
Título clave PEDAGOGIA : REVISTA DE LA UNIVERSIDAD PEDAGOGICA NACIONAL
245 ## - MENCIÓN DE TÍTULO
Título La enseñanza de la lengua extranjera como parte de la extensión universitaria de la Universidad Pedagógica Nacional
300 ## - DESCRIPCIÓN FÍSICA
Extensión 63-66
362 ## - FECHAS DE PUBLICACIÓN Y/O DESIGNACIÓN SECUENCIAL
Fecha de publicación y/o designación secuencial 1989 Vol. 6, no. 18, abr.-jun.
653 0# - TERMINO DE INDIZACION - NO CONTROLADO
Término no controlado ENSEÑANZA DE IDIOMAS
653 0# - TERMINO DE INDIZACION - NO CONTROLADO
Término no controlado EXTENSION UNIVERSITARIA
653 0# - TERMINO DE INDIZACION - NO CONTROLADO
Término no controlado UPN
904 ## - ELEMENTOS DE DATOS D LOCAL, LDD (RLIN)
a AC
b 014345
905 ## - TIPO DE MATERIAL
Tipo de material Articulo

No items available.